00400 a2200109 4500001001000000005001700010008004100027245011200068100002200180773007100202999001700273ART_1075020260410161854.0260409a 10aLos niños y el consentimiento informado para la práctica de tratamientos médicos y ensayos clínicos1 aCaramelo, Gustavo0 tDerecho privadogBioderecho - Año I, Nº 1 (mayo 2012)wREV10455 c25289d25289